| 000 | 00396nam a2200157Ia 4500 | ||
|---|---|---|---|
| 003 | GCL | ||
| 008 | 140319s9999 xx 000 0 eng d | ||
| 040 |
_aGCL / _cGCL |
||
| 082 | 0 | 4 |
_a520 _bA E |
| 100 | 1 | _aARNY, THOMAS | |
| 245 | 1 | 0 |
_aEXPLORATIONS: AN INTRODUCTION TO ASTRONOMY / _cARNY, THOMAS |
| 260 |
_a[S.N] : _bMOSBY ، _c1994 |
||
| 300 | _a510 P | ||
| 650 | 0 | 4 | _aASTRONOMY |
| 942 |
_2ddc _cBK |
||
| 999 |
_c10286 _d10286 |
||